Europäische Länder mit Hinweisen (Städte) - Statistiken

Allgemein
  • Dieses Quiz wurde 181 mal gespielt
  • Das Durchschnittsergebnis liegt bei 23 aus 38
Antwortstatistiken
Hint Antwort % Korrekt
Braunschweig, Heidelberg, Potsdam Deutschland
95%
Aarhus, Esbjerg, Odense Dänemark
84%
Dornbirn, Villach, Wels Österreich
83%
Lugano, Montreux, Winterthur Schweiz
82%
Ajaccio, Orléans, Tours Frankreich
78%
Marbella, Toledo, Vigo Spanien
78%
Järvenpää, Lappeenranta, Rovaniemi Finnland
76%
Breda, Delft, Leeuwarden Niederlande
76%
Jekaterinburg, Omsk, Samara Russland
76%
Lviv, Nikolajev, Odessa Ukraine
76%
Bath, Dundee, Salford Vereinigtes Königreich
76%
Cork, Drogheda, Waterford Irland
72%
Hafnarfjörður, Keflavík, Mosfellsbær Island
72%
Charleroi, Oostende, Mechelen Belgien
70%
Korint, Pireus, Volos Griechenland
69%
Coimbra, Funchal, Guimarães Portugal
66%
Kiruna, Västerås, Umeå Schweden
66%
Ancona, Lucca, Padova Italien
62%
Osijek, Pula, Rijeka Kroatien
62%
Gdynia, Lublin, Szczecin Polen
59%
Košice, Prešov, Zilina Slowakei
58%
Burgas, Plovdiv, Varna Bulgarien
53%
Celje, Kranj, Maribor Slowenien
51%
Brno, Most, Olomouc Tschechien
51%
Tartu, Narva, Pärnu Estland
49%
Kecskemét, Pécs, Szeged Ungarn
48%
Alytus, Kaunas, Utena Litauen
47%
Homel, Orscha, Wizebsk Belarus
45%
Cahul, Edinet, Tiraspol Moldawien
45%
Craiova, Oradea, Sibiu Rumänien
45%
Brčko, Mostar, Zenica Bosnien
44%
Kraljevo, Subotica, Valjevo Serbien
44%
Drammen, Hamar, Kautokeino Norwegen
43%
Durrës, Skhodra, Vlora Albanien
40%
Gjilan, Mitrovica, Prizren Kosovo
34%
Jelgava, Segulda, Ventsplis Lettland
32%
Budva, Kotor, Ulcinj Montenegro
30%
Gostivar, Prilep, Tetovo Nordmazedonien
26%
Keine übereinstimmenden Quizze gefunden
Verteilung der Resultate
Anzahl Personen mit jedem Resultat
Perzentil nach korrekt beantworteten Fragen
Ihre Resultats-Entwicklung
Sie haben dieses Quiz noch nicht gespielt